Abtretung von kapitallebenversicherungen.

Podmienky uzatvárania kapitálových životných poistiek, ich subvencovanie, zdanenie a úroky. Zmeny v zdanení životných poistiek od r. 1992. Možné straty z daňových výhod. Vzťah formulovania účelu poistenia a kontokorentného úveru. Individuálne formované deklarácie účelu poistenia.

Gespeichert in:
Bibliographische Detailangaben
1. Verfasser: Driessen, F.L
Format: Buchkapitel
Sprache:Deutsch
Schlagworte:
Tags: Tag hinzufügen
Keine Tags, Fügen Sie das erste Tag hinzu!

MARC

LEADER 00000naa a2200000 4500
001 r011154
005 20221208123417.4
041 0 |a ger 
044 |a DE 
245 1 0 |a Abtretung von kapitallebenversicherungen.  |c F.L. Driessen 
520 |a Podmienky uzatvárania kapitálových životných poistiek, ich subvencovanie, zdanenie a úroky. Zmeny v zdanení životných poistiek od r. 1992. Možné straty z daňových výhod. Vzťah formulovania účelu poistenia a kontokorentného úveru. Individuálne formované deklarácie účelu poistenia. 
610 2 0 |a poistenie životné 
610 2 0 |a subvencie 
610 2 0 |a dane 
610 2 0 |a úrok 
610 2 0 |a úver 
610 2 0 |a kapitál 
610 2 0 |a Nemecko 
100 1 |a Driessen, F.L.